Communes de la Haute-Savoie (74) de plus de 10000 habitants - Statistiques

Statistiques générales
  • Ce quiz a été pris 87 fois
  • Le résultat moyen est 7 sur 12
Statistiques - réponses
Habitants Communes % Correct
131272 (préfecture) Annecy
100%
37595 Annemasse
91%
37689 Thonon-les-Bains
85%
17366 Cluses
76%
13320 Bonneville
72%
17041 Sallanches
61%
15925 Saint-Julien-en-Genevois
58%
16082 Rumilly
52%
11239 La Roche-sur-Foron
45%
10852 Passy
37%
11054 Gaillard
36%
10412 Vétraz-Monthoux
10%
Aucun quiz correspondant
Distribution des résultats
% des personnes avec chaque résultat
Percentile par nombre de réponses
Votre historique - résultats
Vous n’avez pas pris ce quiz